[Event "Blitz 2018"]
[Site "Saint-Petersburg"]
[Date "2018.12.29"]
[Round "1"]
[Board "35"]
[White "Ponkratov Pavel (RUS)"]
[Black "Drygalov Andrey (RUS)"]
[Result "1-0"]
[LiveChessVersion "1.4.8"]
[BlackElo "2509"]
[WhiteElo "2688"]

1. d4 {[%clk 0:03:02]} Nf6 {[%clk 0:03:02]} 2. Nf3 {[%clk 0:03:03]} d5
{[%clk 0:03:03]} 3. c4 {[%clk 0:03:04]} e6 {[%clk 0:03:03]} 4. g3
{[%clk 0:03:05]} Bb4+ {[%clk 0:03:04]} 5. Bd2 {[%clk 0:03:05]} Be7
{[%clk 0:03:04]} 6. Bg2 {[%clk 0:03:07]} O-O {[%clk 0:03:05]} 7. O-O
{[%clk 0:03:07]} Nbd7 {[%clk 0:03:06]} 8. Qc2 {[%clk 0:03:09]} c6
{[%clk 0:03:07]} 9. a4 {[%clk 0:03:10]} a5 {[%clk 0:02:56]} 10. Nc3
{[%clk 0:03:10]} b6 {[%clk 0:02:49]} 11. e4 {[%clk 0:03:09]} dxc4
{[%clk 0:02:32]} 12. Bf4 {[%clk 0:03:03]} Ba6 {[%clk 0:02:31]} 13. Rad1
{[%clk 0:03:00]} h6 {[%clk 0:02:29]} 14. Rfe1 {[%clk 0:02:59]} Bb4
{[%clk 0:02:28]} 15. h4 {[%clk 0:02:54]} Re8 {[%clk 0:02:22]} 16. Bh3
{[%clk 0:02:55]} Bb7 {[%clk 0:01:53]} 17. Re3 {[%clk 0:02:55]} Nh5
{[%clk 0:01:47]} 18. Ne2 {[%clk 0:02:50]} b5 {[%clk 0:01:45]} 19. e5
{[%clk 0:02:34]} Nb6 {[%clk 0:01:33]} 20. Bg4 {[%clk 0:02:16]} Nxf4
{[%clk 0:01:34]} 21. Nxf4 {[%clk 0:02:16]} Nd5 {[%clk 0:01:35]} 22. Re4
{[%clk 0:02:17]} Nxf4 {[%clk 0:01:16]} 23. Rxf4 {[%clk 0:02:18]} Qd5
{[%clk 0:01:08]} 24. Nh2 {[%clk 0:02:12]} Rad8 {[%clk 0:01:06]} 25. Bf3
{[%clk 0:02:13]} Qd7 {[%clk 0:01:04]} 26. Ng4 {[%clk 0:02:11]} Bf8
{[%clk 0:00:55]} 27. Rf6 {[%clk 0:02:03]} h5 {[%clk 0:00:39]} 28. Rh6
{[%clk 0:02:02]} f5 {[%clk 0:00:35]} 29. exf6 {[%clk 0:01:51]} gxh6
{[%clk 0:00:23]} 30. Qg6+ {[%clk 0:01:44]} Bg7 {[%clk 0:00:13]} 31. Ne5
{[%clk 0:01:37]} Qc7 {[%clk 0:00:08]} 32. Be4 {[%clk 0:01:37]} Kf8
{[%clk 0:00:04]} 33. Qh7 {[%clk 0:01:30]} 1-0

[Event "Blitz 2018"]
[Site "Saint-Petersburg"]
[Date "2018.12.29"]
[Round "1"]
[Board "36"]
[White "Sokolin Leonid (USA)"]
[Black "Korobov Anton (UKR)"]
[Result "1-0"]
[LiveChessVersion "1.4.8"]
[BlackElo "2677"]
[WhiteElo "2508"]

1. e4 {[%clk 0:03:03]} c5 {[%clk 0:03:03]} 2. Nf3 Nc6 3. Bb5 {[%clk 0:03:05]} Qb6
{[%clk 0:03:05]} 4. Na3 {[%clk 0:03:05]} e6 {[%clk 0:03:02]} 5. c3
{[%clk 0:03:04]} a6 6. Ba4 Nge7 {[%clk 0:02:52]} 7. O-O {[%clk 0:03:06]} Qc7
{[%clk 0:02:43]} 8. d4 {[%clk 0:03:04]} b5 {[%clk 0:02:41]} 9. Bc2
{[%clk 0:03:02]} cxd4 10. cxd4 Ng6 {[%clk 0:02:26]} 11. Be3 {[%clk 0:03:03]} Be7
12. Rc1 O-O 13. d5 Nce5 {[%clk 0:02:12]} 14. Bb1 {[%clk 0:03:02]} Nxf3+ 15. Qxf3
Qe5 {[%clk 0:02:06]} 16. Nc2 {[%clk 0:02:57]} Bb7 {[%clk 0:01:51]} 17. Rfd1
{[%clk 0:02:48]} Rac8 {[%clk 0:01:48]} 18. Bd4 {[%clk 0:02:10]} Qf4
{[%clk 0:01:49]} 19. Qe2 {[%clk 0:02:11]} Bf6 {[%clk 0:01:24]} 20. g3
{[%clk 0:02:07]} Qb8 {[%clk 0:01:14]} 21. Bxf6 {[%clk 0:02:05]} gxf6
{[%clk 0:01:15]} 22. Ne3 {[%clk 0:02:02]} Rxc1 23. Rxc1 Rc8 {[%clk 0:01:16]} 24.
Qd1 {[%clk 0:01:57]} Kg7 {[%clk 0:01:13]} 25. h4 {[%clk 0:01:57]} Ne5 26. Kg2
Rxc1 27. Qxc1 Qc8 {[%clk 0:00:50]} 28. Qxc8 Bxc8 29. f4 {[%clk 0:01:53]} Nc4
{[%clk 0:00:39]} 30. Nxc4 {[%clk 0:01:54]} bxc4 31. d6 Bb7 32. Kf2 e5
{[%clk 0:00:29]} 33. Ke3 {[%clk 0:01:51]} Bc6 {[%clk 0:00:18]} 34. Bc2
{[%clk 0:01:52]} exf4+ {[%clk 0:00:17]} 35. Kxf4 {[%clk 0:01:51]} Bb7
{[%clk 0:00:17]} 36. Ba4 {[%clk 0:01:51]} Bc8 {[%clk 0:00:17]} 37. Ke3
{[%clk 0:01:44]} Kg6 {[%clk 0:00:17]} 38. Kd4 {[%clk 0:01:42]} f5
{[%clk 0:00:17]} 39. Bc2 {[%clk 0:01:39]} Kh5 40. Bd1+ Kg6 {[%clk 0:00:15]} 41.
e5 {[%clk 0:01:35]} f6 {[%clk 0:00:16]} 42. exf6 Kxf6 43. Kxc4 {[%clk 0:01:37]}
Ke5 44. Kc5 Bb7 45. Ba4 Ke6 {[%clk 0:00:16]} 46. b4 {[%clk 0:01:38]} Be4
{[%clk 0:00:15]} 47. b5 {[%clk 0:01:39]} axb5 48. Bxb5 1-0

[Event "Blitz 2018"]
[Site "Saint-Petersburg"]
[Date "2018.12.29"]
[Round "1"]
[Board "37"]
[White "Ragger Markus (AUT)"]
[Black "Sokolov Andrei (LAT)"]
[Result "1/2-1/2"]
[LiveChessVersion "1.4.8"]
[BlackElo "2507"]
[WhiteElo "2677"]

1. e4 {[%clk 0:03:03]} c6 {[%clk 0:03:04]} 2. d4 {[%clk 0:03:04]} d5
{[%clk 0:03:05]} 3. exd5 {[%clk 0:03:05]} cxd5 {[%clk 0:03:07]} 4. Bd3
{[%clk 0:03:06]} Nc6 {[%clk 0:03:08]} 5. c3 {[%clk 0:03:07]} Nf6 {[%clk 0:03:09]}
6. h3 {[%clk 0:03:08]} g6 {[%clk 0:03:10]} 7. Nf3 {[%clk 0:03:09]} Bf5
{[%clk 0:03:11]} 8. Ne5 {[%clk 0:03:10]} Bxd3 {[%clk 0:02:52]} 9. Nxd3
{[%clk 0:03:11]} Bg7 {[%clk 0:02:53]} 10. O-O {[%clk 0:03:11]} O-O
{[%clk 0:02:54]} 11. Bf4 {[%clk 0:03:09]} e6 {[%clk 0:02:51]} 12. Nd2
{[%clk 0:03:09]} Nd7 {[%clk 0:02:51]} 13. Re1 {[%clk 0:03:04]} a6
{[%clk 0:02:52]} 14. Nf3 {[%clk 0:02:57]} Rc8 {[%clk 0:02:51]} 15. Qd2
{[%clk 0:02:54]} Na5 {[%clk 0:02:42]} 16. Bh6 {[%clk 0:02:45]} Nc4
{[%clk 0:02:41]} 17. Qf4 {[%clk 0:02:45]} Qf6 {[%clk 0:02:30]} 18. Qxf6
{[%clk 0:02:20]} Nxf6 {[%clk 0:02:30]} 19. Bxg7 {[%clk 0:02:21]} Kxg7
{[%clk 0:02:31]} 20. Nfe5 {[%clk 0:02:21]} Nxe5 {[%clk 0:02:18]} 21. dxe5
{[%clk 0:02:15]} Ne4 {[%clk 0:02:15]} 22. Red1 {[%clk 0:02:09]} Rc4
{[%clk 0:01:49]} 23. f3 {[%clk 0:01:48]} Nc5 {[%clk 0:01:49]} 24. Nxc5
{[%clk 0:01:48]} Rxc5 {[%clk 0:01:50]} 25. Rd4 {[%clk 0:01:49]} Rfc8
{[%clk 0:01:50]} 26. Kf2 {[%clk 0:01:49]} Rb5 {[%clk 0:01:40]} 27. Rd2
{[%clk 0:01:47]} g5 {[%clk 0:01:34]} 28. Ke3 {[%clk 0:01:23]} Rc4
{[%clk 0:01:29]} 29. g4 {[%clk 0:01:22]} a5 {[%clk 0:01:13]} 30. h4
{[%clk 0:01:23]} h6 {[%clk 0:01:07]} 31. hxg5 {[%clk 0:01:24]} hxg5
{[%clk 0:01:08]} 32. Rh1 {[%clk 0:01:25]} Kf8 {[%clk 0:01:05]} 33. Rh5
{[%clk 0:01:19]} a4 {[%clk 0:01:02]} 34. a3 {[%clk 0:01:18]} Rb3 {[%clk 0:01:02]}
35. Rxg5 {[%clk 0:01:12]} b5 {[%clk 0:01:04]} 36. Kf2 {[%clk 0:00:59]} b4
{[%clk 0:00:42]} 37. cxb4 {[%clk 0:00:26]} Rf4 {[%clk 0:00:43]} 38. Rc2
{[%clk 0:00:27]} Rfxf3+ {[%clk 0:00:41]} 39. Kg2 {[%clk 0:00:28]} Rg3+
{[%clk 0:00:43]} 40. Kh2 {[%clk 0:00:29]} Rh3+ {[%clk 0:00:44]} 41. Kg2
{[%clk 0:00:31]} Rhg3+ {[%clk 0:00:45]} 42. Kh2 {[%clk 0:00:20]} Rh3+
{[%clk 0:00:44]} 43. Kg2 {[%clk 0:00:21]} Rhg3+ {[%clk 0:00:46]} 44. Kf2
{[%clk 0:00:15]} Rgf3+ {[%clk 0:00:41]} 45. Kg2 {[%clk 0:00:16]} Rg3+
{[%clk 0:00:42]} 1/2-1/2

[Event "Blitz 2018"]
[Site "Saint-Petersburg"]
[Date "2018.12.29"]
[Round "1"]
[Board "38"]
[White "Nihal Sarin (IND)"]
[Black "Adly Ahmed (EGY)"]
[Result "1-0"]
[LiveChessVersion "1.4.8"]
[BlackElo "2675"]
[WhiteElo "2506"]

1. e4 {[%clk 0:03:02]} b6 {[%clk 0:03:04]} 2. d4 {[%clk 0:03:00]} Bb7
{[%clk 0:03:05]} 3. Bd3 {[%clk 0:03:00]} g6 {[%clk 0:03:06]} 4. Nf3
{[%clk 0:02:59]} Bg7 {[%clk 0:03:07]} 5. O-O {[%clk 0:03:00]} d6 {[%clk 0:03:08]}
6. Re1 {[%clk 0:03:01]} e6 {[%clk 0:03:09]} 7. Nbd2 {[%clk 0:03:02]} Nd7
{[%clk 0:03:10]} 8. c3 {[%clk 0:03:03]} Ne7 {[%clk 0:03:06]} 9. a4
{[%clk 0:03:03]} a6 {[%clk 0:03:06]} 10. Nf1 {[%clk 0:03:03]} O-O
{[%clk 0:03:04]} 11. Ng3 {[%clk 0:03:03]} e5 {[%clk 0:03:00]} 12. h4
{[%clk 0:02:47]} d5 {[%clk 0:02:28]} 13. exd5 {[%clk 0:02:26]} exd4
{[%clk 0:02:28]} 14. d6 {[%clk 0:02:28]} cxd6 {[%clk 0:02:16]} 15. Nxd4
{[%clk 0:02:27]} Ne5 {[%clk 0:02:11]} 16. h5 {[%clk 0:02:21]} Nxd3
{[%clk 0:02:08]} 17. Qxd3 {[%clk 0:02:20]} Nc6 {[%clk 0:02:10]} 18. Nxc6
{[%clk 0:02:17]} Bxc6 {[%clk 0:02:11]} 19. Bf4 {[%clk 0:02:09]} d5
{[%clk 0:02:12]} 20. Be5 {[%clk 0:02:09]} Bxe5 {[%clk 0:02:04]} 21. Rxe5
{[%clk 0:02:10]} Qd7 {[%clk 0:01:59]} 22. Qd4 {[%clk 0:02:05]} b5
{[%clk 0:01:49]} 23. axb5 {[%clk 0:02:02]} axb5 {[%clk 0:01:49]} 24. Rae1
{[%clk 0:02:01]} Ra4 {[%clk 0:01:47]} 25. b4 {[%clk 0:02:01]} Qa7
{[%clk 0:01:43]} 26. Qf4 {[%clk 0:01:55]} Ra1 {[%clk 0:01:41]} 27. Qf6
{[%clk 0:01:49]} Re8 {[%clk 0:01:40]} 28. h6 {[%clk 0:01:26]} Rxe1+
{[%clk 0:01:37]} 29. Kh2 {[%clk 0:01:27]} 1-0

[Event "Blitz 2018"]
[Site "Saint-Petersburg"]
[Date "2018.12.29"]
[Round "1"]
[Board "39"]
[White "Dreev Aleksey (RUS)"]
[Black "Makarov Marat (RUS)"]
[Result "1-0"]
[LiveChessVersion "1.4.8"]
[BlackElo "2505"]
[WhiteElo "2675"]

1. d4 {[%clk 0:03:03]} Nf6 {[%clk 0:03:02]} 2. Nf3 {[%clk 0:03:04]} g6
{[%clk 0:03:03]} 3. g3 {[%clk 0:03:05]} Bg7 {[%clk 0:03:03]} 4. Bg2
{[%clk 0:03:06]} O-O {[%clk 0:03:04]} 5. O-O {[%clk 0:03:06]} d5 {[%clk 0:03:04]}
6. c4 {[%clk 0:03:07]} c6 {[%clk 0:03:05]} 7. Qb3 {[%clk 0:03:05]} a5
{[%clk 0:03:04]} 8. cxd5 {[%clk 0:02:56]} a4 {[%clk 0:03:05]} 9. Qd1
{[%clk 0:02:55]} cxd5 {[%clk 0:03:06]} 10. Nc3 {[%clk 0:02:51]} a3
{[%clk 0:03:02]} 11. bxa3 {[%clk 0:02:42]} Nc6 {[%clk 0:03:01]} 12. Rb1
{[%clk 0:02:26]} Ne4 {[%clk 0:02:59]} 13. Nb5 {[%clk 0:01:48]} Bf5
{[%clk 0:02:51]} 14. Bf4 {[%clk 0:01:48]} Qa5 {[%clk 0:02:49]} 15. Rb3
{[%clk 0:01:48]} Qa4 {[%clk 0:02:46]} 16. e3 {[%clk 0:01:21]} Na5
{[%clk 0:02:22]} 17. Rb4 {[%clk 0:01:22]} Qxd1 18. Rxd1 {[%clk 0:01:23]} e6
{[%clk 0:02:18]} 19. h3 {[%clk 0:01:12]} h5 {[%clk 0:02:18]} 20. Ne5
{[%clk 0:01:10]} g5 {[%clk 0:02:19]} 21. g4 {[%clk 0:01:10]} hxg4
{[%clk 0:01:33]} 22. hxg4 {[%clk 0:01:11]} gxf4 {[%clk 0:01:10]} 23. gxf5
{[%clk 0:01:12]} fxe3 {[%clk 0:01:11]} 24. fxe3 {[%clk 0:01:13]} Bxe5
{[%clk 0:01:11]} 25. dxe5 {[%clk 0:01:12]} Nc6 {[%clk 0:01:13]} 26. Rb2
{[%clk 0:01:07]} Nxe5 {[%clk 0:01:13]} 27. Bxe4 {[%clk 0:01:06]} dxe4
{[%clk 0:01:14]} 28. Rg2+ {[%clk 0:01:07]} Kh7 {[%clk 0:01:14]} 29. Kf2
{[%clk 0:01:08]} 1-0

[Event "Blitz 2018"]
[Site "Saint-Petersburg"]
[Date "2018.12.29"]
[Round "1"]
[Board "40"]
[White "Tang Andrew (USA)"]
[Black "Inarkiev Ernesto (RUS)"]
[Result "1-0"]
[LiveChessVersion "1.4.8"]
[BlackElo "2674"]
[WhiteElo "2501"]

1. d4 {[%clk 0:03:02]} d5 {[%clk 0:03:03]} 2. Bf4 {[%clk 0:03:01]} Nf6
{[%clk 0:02:54]} 3. e3 {[%clk 0:03:01]} e6 {[%clk 0:02:55]} 4. Nf3
{[%clk 0:03:01]} Bd6 {[%clk 0:02:56]} 5. Nbd2 {[%clk 0:03:01]} O-O
{[%clk 0:02:41]} 6. Bd3 {[%clk 0:02:59]} Bxf4 {[%clk 0:02:42]} 7. exf4
{[%clk 0:02:59]} b6 {[%clk 0:02:41]} 8. Qe2 {[%clk 0:02:55]} c5 {[%clk 0:02:39]}
9. c3 {[%clk 0:02:55]} Nc6 {[%clk 0:02:39]} 10. Ne5 {[%clk 0:02:41]} Qd6
{[%clk 0:02:40]} 11. Nxc6 {[%clk 0:02:23]} Qxc6 {[%clk 0:02:41]} 12. Nf3
{[%clk 0:02:24]} Bb7 {[%clk 0:02:04]} 13. O-O {[%clk 0:02:10]} a5
{[%clk 0:02:05]} 14. Rfe1 {[%clk 0:01:44]} a4 {[%clk 0:01:57]} 15. a3
{[%clk 0:01:30]} Qc8 {[%clk 0:01:56]} 16. Qe5 {[%clk 0:01:27]} Ba6
{[%clk 0:01:55]} 17. Bc2 {[%clk 0:01:28]} h6 {[%clk 0:01:43]} 18. f5
{[%clk 0:00:58]} exf5 {[%clk 0:01:35]} 19. Bxf5 {[%clk 0:00:58]} Qb8
{[%clk 0:01:16]} 20. Bc2 {[%clk 0:00:58]} Bb5 {[%clk 0:01:10]} 21. Qf5
{[%clk 0:00:58]} Bd7 {[%clk 0:01:00]} 22. Qd3 {[%clk 0:00:58]} Re8
{[%clk 0:00:53]} 23. Ne5 {[%clk 0:00:58]} Qd6 {[%clk 0:00:54]} 24. Re2
{[%clk 0:00:46]} Re7 {[%clk 0:00:30]} 25. Rae1 {[%clk 0:00:41]} Rae8
{[%clk 0:00:32]} 26. h3 {[%clk 0:00:32]} cxd4 {[%clk 0:00:19]} 27. Qxd4
{[%clk 0:00:22]} Qc5 {[%clk 0:00:16]} 28. Nxd7 {[%clk 0:00:16]} Qxd4
{[%clk 0:00:10]} 29. Rxe7 {[%clk 0:00:08]} Rxe7 {[%clk 0:00:12]} 30. Rxe7
{[%clk 0:00:06]} Qf4 {[%clk 0:00:12]} 31. Nxf6+ {[%clk 0:00:06]} gxf6
{[%clk 0:00:13]} 32. Re2 {[%clk 0:00:07]} d4 {[%clk 0:00:13]} 33. cxd4 Qxd4
{[%clk 0:00:14]} 34. g3 Kg7 35. Re4 {[%clk 0:00:04]} Qxb2 {[%clk 0:00:16]} 36.
Rg4+ {[%clk 0:00:06]} Kf8 {[%clk 0:00:17]} 37. Bxa4 {[%clk 0:00:06]} Qxa3
{[%clk 0:00:17]} 38. Rf4 {[%clk 0:00:07]} Qd6 {[%clk 0:00:15]} 39. Rf5
{[%clk 0:00:08]} Qe6 {[%clk 0:00:11]} 40. g4 {[%clk 0:00:09]} Ke7
{[%clk 0:00:11]} 41. Bb5 {[%clk 0:00:10]} Qe4 {[%clk 0:00:11]} 42. Kh2
{[%clk 0:00:11]} Qd4 {[%clk 0:00:09]} 43. Kg3 {[%clk 0:00:11]} Kf8
{[%clk 0:00:05]} 44. Kg2 Kg7 45. Kg3 {[%clk 0:00:13]} Qe4 {[%clk 0:00:08]} 46.
Kh2 {[%clk 0:00:15]} Qb7 {[%clk 0:00:07]} 47. Kg3 {[%clk 0:00:15]} Qh1
{[%clk 0:00:08]} 48. Rh5 {[%clk 0:00:09]} Qg1+ {[%clk 0:00:09]} 49. Kf3
{[%clk 0:00:10]} Kg6 {[%clk 0:00:08]} 50. Bd3+ {[%clk 0:00:11]} Kg7
{[%clk 0:00:10]} 51. Bb5 {[%clk 0:00:12]} Qh2 {[%clk 0:00:10]} 52. Be2
{[%clk 0:00:07]} f5 {[%clk 0:00:11]} 53. Rxf5 {[%clk 0:00:05]} Qxh3+
{[%clk 0:00:12]} 54. Ke4 {[%clk 0:00:06]} Qg2+ {[%clk 0:00:12]} 55. Ke3
{[%clk 0:00:07]} Qg1 {[%clk 0:00:11]} 56. Kd2 {[%clk 0:00:06]} f6
{[%clk 0:00:11]} 57. f3 {[%clk 0:00:07]} Qd4+ {[%clk 0:00:11]} 58. Kc2
{[%clk 0:00:08]} Kf7 {[%clk 0:00:09]} 59. Kb3 {[%clk 0:00:07]} Qd2
{[%clk 0:00:10]} 60. Bc4+ {[%clk 0:00:08]} Kg6 {[%clk 0:00:10]} 61. Bb5
{[%clk 0:00:05]} Qe3+ {[%clk 0:00:09]} 62. Kc2 {[%clk 0:00:06]} h5
{[%clk 0:00:09]} 63. Bd3 {[%clk 0:00:04]} Qf2+ {[%clk 0:00:07]} 64. Kb3
{[%clk 0:00:05]} hxg4 {[%clk 0:00:08]} 65. fxg4 {[%clk 0:00:05]} Qxf5
{[%clk 0:00:04]} 66. Bxf5+ {[%clk 0:00:06]} Kg5 {[%clk 0:00:05]} 67. Kb4
{[%clk 0:00:08]} 1-0

[Event "Blitz 2018"]
[Site "Saint-Petersburg"]
[Date "2018.12.29"]
[Round "1"]
[Board "41"]
[White "Khismatullin Denis (RUS)"]
[Black "Rechlis Gad (ISR)"]
[Result "1-0"]
[LiveChessVersion "1.4.8"]
[BlackElo "2500"]
[WhiteElo "2674"]

1. c4 {[%clk 0:03:03]} c5 {[%clk 0:00:40]} 2. Nf3 {[%clk 0:02:56]} g6
{[%clk 0:00:41]} 3. e4 {[%clk 0:02:52]} Bg7 {[%clk 0:00:43]} 4. d4
{[%clk 0:02:53]} d6 {[%clk 0:00:42]} 5. d5 {[%clk 0:02:30]} Nf6 {[%clk 0:00:43]}
6. Nc3 O-O 7. Be2 {[%clk 0:02:21]} e6 {[%clk 0:00:45]} 8. Nd2 {[%clk 0:02:22]}
exd5 {[%clk 0:00:46]} 9. cxd5 {[%clk 0:02:23]} Re8 {[%clk 0:00:45]} 10. O-O
{[%clk 0:02:23]} Nbd7 {[%clk 0:00:46]} 11. a4 {[%clk 0:02:17]} a6
{[%clk 0:00:35]} 12. Qc2 {[%clk 0:02:12]} Ne5 {[%clk 0:00:33]} 13. f4
{[%clk 0:01:32]} Neg4 {[%clk 0:00:33]} 14. Nc4 {[%clk 0:01:30]} Nxe4
{[%clk 0:00:06]} 15. Bxg4 {[%clk 0:00:44]} Bd4+ {[%clk 0:00:04]} 16. Be3
{[%clk 0:00:38]} Nxc3 {[%clk 0:00:00]} 1-0

[Event "Blitz 2018"]
[Site "Saint-Petersburg"]
[Date "2018.12.29"]
[Round "1"]
[Board "42"]
[White "Potkin Vladimir (RUS)"]
[Black "Esipenko Andrey (RUS)"]
[Result "1/2-1/2"]
[LiveChessVersion "1.4.8"]
[BlackElo "2673"]
[WhiteElo "2494"]

1. Nf3 {[%clk 0:03:00]} Nf6 {[%clk 0:03:03]} 2. c4 {[%clk 0:03:01]} e6
{[%clk 0:03:04]} 3. d4 {[%clk 0:02:56]} b6 {[%clk 0:03:05]} 4. g3
{[%clk 0:02:56]} Bb7 {[%clk 0:03:05]} 5. Bg2 {[%clk 0:02:56]} Be7
{[%clk 0:03:06]} 6. O-O {[%clk 0:02:56]} O-O {[%clk 0:03:08]} 7. Nc3
{[%clk 0:02:57]} Ne4 {[%clk 0:03:09]} 8. Bd2 {[%clk 0:02:57]} Bf6
{[%clk 0:03:10]} 9. Ne5 {[%clk 0:02:44]} Nxc3 {[%clk 0:03:10]} 10. Bxc3
{[%clk 0:02:45]} Bxg2 {[%clk 0:03:10]} 11. Kxg2 {[%clk 0:02:45]} c5
{[%clk 0:02:59]} 12. Nf3 {[%clk 0:02:29]} Nc6 {[%clk 0:02:47]} 13. d5
{[%clk 0:02:10]} Na5 {[%clk 0:01:49]} 14. Bxa5 {[%clk 0:01:53]} bxa5
{[%clk 0:01:51]} 15. e4 {[%clk 0:01:54]} Bxb2 {[%clk 0:01:34]} 16. Rb1
{[%clk 0:01:55]} Rb8 {[%clk 0:01:21]} 17. Qd2 {[%clk 0:01:33]} Qb6
{[%clk 0:01:05]} 18. Rfd1 {[%clk 0:00:47]} a4 {[%clk 0:01:02]} 19. e5
{[%clk 0:00:39]} a3 {[%clk 0:00:54]} 20. Qf4 {[%clk 0:00:31]} f6 {[%clk 0:00:45]}
21. exf6 {[%clk 0:00:28]} Rxf6 {[%clk 0:00:46]} 22. Qe4 {[%clk 0:00:27]} Rbf8
{[%clk 0:00:44]} 23. Rd3 {[%clk 0:00:28]} Rf5 {[%clk 0:00:38]} 24. dxe6
{[%clk 0:00:21]} Qxe6 {[%clk 0:00:36]} 25. Qxe6+ {[%clk 0:00:21]} dxe6
{[%clk 0:00:37]} 26. Re1 {[%clk 0:00:21]} e5 {[%clk 0:00:31]} 27. Re4
{[%clk 0:00:19]} h5 {[%clk 0:00:23]} 28. h3 {[%clk 0:00:18]} a5 {[%clk 0:00:15]}
29. h4 {[%clk 0:00:18]} a4 {[%clk 0:00:15]} 30. Re2 {[%clk 0:00:19]} Bc1
{[%clk 0:00:11]} 31. Rc3 {[%clk 0:00:17]} Bb2 {[%clk 0:00:07]} 32. Rd3
{[%clk 0:00:18]} Bd4 {[%clk 0:00:08]} 33. Rxa3 {[%clk 0:00:17]} R8f6
{[%clk 0:00:06]} 34. Rd3 {[%clk 0:00:12]} Rb6 {[%clk 0:00:07]} 35. Ng5
{[%clk 0:00:09]} Rb4 {[%clk 0:00:07]} 36. Rc2 {[%clk 0:00:10]} Rf6
{[%clk 0:00:07]} 37. Ne4 {[%clk 0:00:10]} Rfb6 {[%clk 0:00:08]} 38. Ra3
{[%clk 0:00:06]} Kf7 {[%clk 0:00:06]} 39. Kf3 {[%clk 0:00:06]} Ke6
{[%clk 0:00:08]} 40. Ke2 {[%clk 0:00:07]} Kf5 {[%clk 0:00:09]} 41. f3
{[%clk 0:00:07]} Ra6 {[%clk 0:00:09]} 42. Rd3 {[%clk 0:00:07]} a3
{[%clk 0:00:10]} 43. Rd1 {[%clk 0:00:05]} Rb2 {[%clk 0:00:11]} 44. Rdd2
{[%clk 0:00:05]} Rab6 {[%clk 0:00:12]} 45. Kd3 {[%clk 0:00:06]} Rb1
{[%clk 0:00:12]} 46. Rg2 {[%clk 0:00:05]} Rf1 {[%clk 0:00:12]} 47. g4+
{[%clk 0:00:03]} Kf4 {[%clk 0:00:13]} 48. Nd2 {[%clk 0:00:03]} Re1
{[%clk 0:00:14]} 49. Re2 {[%clk 0:00:03]} Rxe2 50. Kxe2 {[%clk 0:00:04]} hxg4
{[%clk 0:00:15]} 51. fxg4 {[%clk 0:00:05]} Kxg4 {[%clk 0:00:15]} 52. Ne4
{[%clk 0:00:06]} Kf4 {[%clk 0:00:15]} 53. Kd3 {[%clk 0:00:07]} Rb1
{[%clk 0:00:17]} 54. Ng5 {[%clk 0:00:06]} Rd1+ {[%clk 0:00:15]} 55. Ke2
{[%clk 0:00:07]} Rh1 {[%clk 0:00:16]} 56. Kd3 {[%clk 0:00:06]} e4+
{[%clk 0:00:17]} 57. Ke2 {[%clk 0:00:03]} Rxh4 {[%clk 0:00:18]} 58. Ne6+
{[%clk 0:00:05]} Ke5 {[%clk 0:00:19]} 59. Nxg7 {[%clk 0:00:04]} Rh2+
{[%clk 0:00:19]} 60. Kd1 {[%clk 0:00:06]} Rh1+ {[%clk 0:00:19]} 61. Ke2
{[%clk 0:00:07]} Rg1 {[%clk 0:00:20]} 62. Ne8 {[%clk 0:00:06]} Rg2+
{[%clk 0:00:18]} 63. Kd1 {[%clk 0:00:07]} Rg1+ {[%clk 0:00:18]} 64. Ke2
{[%clk 0:00:09]} Rb1 {[%clk 0:00:17]} 65. Nc7 {[%clk 0:00:08]} Rb2
{[%clk 0:00:17]} 66. Kd1 {[%clk 0:00:10]} Rb1+ {[%clk 0:00:16]} 67. Ke2
{[%clk 0:00:11]} Kf4 {[%clk 0:00:17]} 68. Nd5+ {[%clk 0:00:12]} Kg3
{[%clk 0:00:18]} 69. Rd2 {[%clk 0:00:08]} Rc1 {[%clk 0:00:19]} 70. Nb6
{[%clk 0:00:08]} Bc3 {[%clk 0:00:16]} 71. Rd1 {[%clk 0:00:05]} Rc2+
{[%clk 0:00:16]} 72. Ke3 {[%clk 0:00:05]} Rxa2 {[%clk 0:00:16]} 73. Nd5
{[%clk 0:00:05]} Bd4+ {[%clk 0:00:17]} 74. Kxe4 {[%clk 0:00:06]} Rb2
{[%clk 0:00:17]} 75. Rd3+ {[%clk 0:00:06]} Kg4 {[%clk 0:00:16]} 76. Rxa3
{[%clk 0:00:07]} Re2+ {[%clk 0:00:16]} 77. Kd3 {[%clk 0:00:08]} Kf3
{[%clk 0:00:15]} 78. Ra8 {[%clk 0:00:09]} Re1 {[%clk 0:00:13]} 79. Rf8+
{[%clk 0:00:09]} Kg4 {[%clk 0:00:13]} 80. Rg8+ {[%clk 0:00:10]} 1/2-1/2

[Event "Blitz 2018"]
[Site "Saint-Petersburg"]
[Date "2018.12.29"]
[Round "1"]
[Board "43"]
[White "Vallejo Pons Francisco (ESP)"]
[Black "Zhigalko Andrey (BLR)"]
[Result "1-0"]
[LiveChessVersion "1.4.8"]
[BlackElo "2493"]
[WhiteElo "2673"]

1. d4 {[%clk 0:03:03]} Nf6 {[%clk 0:03:03]} 2. c4 {[%clk 0:03:03]} e6
{[%clk 0:03:05]} 3. Nc3 {[%clk 0:03:04]} Bb4 {[%clk 0:03:05]} 4. Qc2
{[%clk 0:03:05]} O-O {[%clk 0:03:05]} 5. e4 {[%clk 0:03:06]} d5 {[%clk 0:03:03]}
6. e5 {[%clk 0:03:07]} Ne4 {[%clk 0:03:04]} 7. Bd3 {[%clk 0:03:06]} c5
{[%clk 0:03:04]} 8. Nf3 {[%clk 0:03:07]} cxd4 {[%clk 0:02:59]} 9. Nxd4
{[%clk 0:03:07]} Nd7 {[%clk 0:02:44]} 10. Bf4 {[%clk 0:03:04]} Ndc5
{[%clk 0:02:26]} 11. O-O {[%clk 0:03:02]} Bxc3 {[%clk 0:02:11]} 12. bxc3
{[%clk 0:03:02]} b6 {[%clk 0:02:01]} 13. cxd5 {[%clk 0:02:45]} exd5
{[%clk 0:02:01]} 14. Be2 {[%clk 0:02:28]} Bd7 {[%clk 0:01:39]} 15. f3
{[%clk 0:02:23]} Ng5 {[%clk 0:01:38]} 16. Be3 {[%clk 0:02:15]} Rc8
{[%clk 0:01:31]} 17. Qd2 {[%clk 0:02:12]} Nge6 {[%clk 0:01:27]} 18. Rac1
{[%clk 0:02:05]} f6 {[%clk 0:01:08]} 19. exf6 {[%clk 0:01:59]} Qxf6
{[%clk 0:01:04]} 20. Rfe1 {[%clk 0:01:59]} Nxd4 {[%clk 0:00:26]} 21. Bxd4
{[%clk 0:01:57]} Qg6 {[%clk 0:00:22]} 22. Be5 {[%clk 0:01:49]} Be6
{[%clk 0:00:16]} 23. Bg3 {[%clk 0:01:45]} Rfe8 {[%clk 0:00:15]} 24. Bb5
{[%clk 0:01:45]} Red8 {[%clk 0:00:11]} 25. Re5 {[%clk 0:01:43]} Bf7
{[%clk 0:00:06]} 26. Rce1 {[%clk 0:01:43]} a6 {[%clk 0:00:06]} 27. Bf1
{[%clk 0:01:43]} h6 {[%clk 0:00:06]} 28. Bf2 {[%clk 0:01:39]} Nd7
{[%clk 0:00:03]} 29. Re7 {[%clk 0:01:37]} Nc5 {[%clk 0:00:04]} 30. Bd4
{[%clk 0:01:34]} Rd7 {[%clk 0:00:04]} 31. Rxd7 {[%clk 0:01:33]} Nxd7
{[%clk 0:00:05]} 32. Bxa6 {[%clk 0:01:33]} Re8 {[%clk 0:00:04]} 33. Rxe8+
{[%clk 0:01:32]} Bxe8 {[%clk 0:00:05]} 34. Bd3 {[%clk 0:01:32]} Qe6
{[%clk 0:00:05]} 35. Qe2 {[%clk 0:01:24]} Qxe2 {[%clk 0:00:04]} 36. Bxe2
{[%clk 0:01:25]} Kf7 {[%clk 0:00:04]} 37. Bb5 {[%clk 0:01:22]} Nf6
{[%clk 0:00:03]} 38. Bxe8+ {[%clk 0:01:21]} 1-0